000 00307nam a22001337a 4500
008 181106b xxu||||| |||| 00| 0 eng d
020 _a9780070510425
041 _aeng
080 _23 TH
_a621
100 _a28
101 _aENG
245 _aTechnical Analysis Explained
_cPring.M.J
942 _2udc
_cBK
999 _c52045
_d52045